World's Largest Airlines Quiz Stats

 Plays Quiz Updated Feb 2, 2019

Support Sporcle.
Go Orange.
Score 0/10 Timer 03:00
2 Plays Today
Airline % Correct
American Airlines
87.2%
Delta Air Lines
80.9%
United Airlines
75.8%
Southwest
65%
Air China
48.3%
Easyjet
44.6%
Turkish Airlines
36.2%
Ryanair
28.4%
China Southern Airlines
14.7%
China Eastern Airlines
12.6%

From the Vault

Build a Book Title 'B'

by gazzso

Behold these big, bold, beautiful books.
Remove Ads.
Support Sporcle.
Get the best of Sporcle when you Go Orange. This ad-free experience offers more features, more stats, and more fun while also helping to support Sporcle. Thank you for becoming a member.

Show Comments

Extras

Top Quizzes Today


Score Distribution

Your Account Isn't Verified!

In order to create a playlist on Sporcle, you need to verify the email address you used during registration. Go to your Sporcle Settings to finish the process.

Report this User

Report this user for behavior that violates our Community Guidelines.

Details: